|
|
|
|
| LEADER |
01740nam a2200397 i 4500 |
| 001 |
EBC6882165 |
| 003 |
MiAaPQ |
| 005 |
20220920094830.0 |
| 006 |
m o d | |
| 007 |
cr cnu|||||||| |
| 008 |
220920s2022 gw o 000 0 eng d |
| 020 |
|
|
|z 9783110675269
|q (print)
|
| 020 |
|
|
|a 9783110675306
|q (electronic bk.)
|
| 035 |
|
|
|a (MiAaPQ)EBC6882165
|
| 035 |
|
|
|a (Au-PeEL)EBL6882165
|
| 035 |
|
|
|a (OCoLC)1296430625
|
| 040 |
|
|
|a MiAaPQ
|b eng
|e rda
|e pn
|c MiAaPQ
|d MiAaPQ
|
| 043 |
|
|
|a f-tg---
|
| 050 |
|
4 |
|a HM851
|b .K453 2022
|
| 082 |
0 |
|
|a 303.4833
|2 23
|
| 100 |
1 |
|
|a Keja, Roos,
|e author.
|
| 245 |
1 |
0 |
|a Political silence of youth in Togo :
|b mobile phones, information and civic (dis)engagement /
|c Roos Keja.
|
| 264 |
|
1 |
|a Berlin ;
|a Boston :
|b Walter de Gruyter GmbH,
|c [2022]
|
| 264 |
|
4 |
|c Ã2022
|
| 300 |
|
|
|a 1 online resource (234 pages).
|
| 336 |
|
|
|a text
|b txt
|2 rdacontent
|
| 337 |
|
|
|a computer
|b c
|2 rdamedia
|
| 338 |
|
|
|a online resource
|b cr
|2 rdacarrier
|
| 490 |
0 |
|
|a Connectivity and Society in Africa ;
|v Volume 1
|
| 588 |
|
|
|a Description based on print version record.
|
| 590 |
|
|
|a Electronic reproduction. Ann Arbor, MI : ProQuest, 2018. Available via World Wide Web. Access may be limited to ProQuest affiliated libraries.
|
| 650 |
|
0 |
|a Information technology
|x Political aspects
|z Togo.
|
| 655 |
|
4 |
|a Electronic books.
|
| 776 |
0 |
8 |
|i Print version:
|a Keja, Roos.
|t Political silence of youth in Togo : mobile phones, information and civic (dis)engagement.
|d Berlin ; Boston : Walter de Gruyter GmbH, c2022
|h 234 pages
|k Connectivity and Society in Africa ; Volume 1
|z 9783110675269
|
| 797 |
2 |
|
|a ProQuest (Firm)
|
| 856 |
4 |
0 |
|u https://ebookcentral.proquest.com/lib/matrademy/detail.action?docID=6882165
|z Click to View
|